[Event "Druga liga CS Istok 2016"]
[Site "Kragujevac"]
[Date "2016.10.07"]
[Round "7.5"]
[White "MILOSEVIC, Jovana   **"]
[Black "TONIC, Milos   *"]
[Result "1/2-1/2"]
[WhiteElo "2081"]
[BlackElo "2043"]
[PlyCount "79"]
[EventDate "2016.08.26"]

1. Nf3 Nf6 2. c4 c5 3. d4 cxd4 4. Nxd4 Nc6 5. Nc3 g6 6. e4 Bg7 7. Be3 d6 8. Be2
Bd7 9. O-O O-O 10. Qd2 Ng4 11. Bxg4 Bxg4 12. f3 Bd7 13. Rac1 Rc8 14. b3 Qa5 15.
Rfd1 Rfe8 16. Nde2 Red8 17. Qe1 a6 18. Qf2 Re8 19. c5 Nb8 20. Nd5 Qxa2 21. cxd6
Rxc1 22. Rxc1 exd6 23. Bd4 Qd2 24. Nf6+ Bxf6 25. Bxf6 Bb5 26. Re1 Nd7 27. Bc3
Qd3 28. Ba1 Qd2 29. Bc3 Qd3 30. Ba1 Qc2 31. Qd4 Qc5 32. Nf4 Qxd4+ 33. Bxd4 Bc6
34. Rd1 Nc5 35. b4 Ne6 36. Be3 Nxf4 37. Bxf4 Rd8 38. Bxd6 f6 39. Rd4 Kf7 40.
Kf2 1/2-1/2

[Event "Druga liga CS Istok 2016"]
[Site "Kragujevac"]
[Date "2016.10.07"]
[Round "7.5"]
[White "MITIC, Ivan M"]
[Black "LAZOVIC, Bozidar   *"]
[Result "1-0"]
[WhiteElo "1919"]
[BlackElo "1886"]
[PlyCount "63"]
[EventDate "2016.08.26"]

1. Nf3 Nf6 2. d4 d5 3. e3 e6 4. c3 Bd6 5. Bd3 O-O 6. O-O b6 7. Nbd2 Bb7 8. Qc2
c5 9. b3 cxd4 10. Nxd4 e5 11. Nf5 e4 12. Nxd6 Qxd6 13. Be2 Nc6 14. Rd1 Qe6 15.
Ba3 Rfd8 16. Rac1 Rac8 17. Qb1 Ng4 18. h3 Nf6 19. Nf1 Ne5 20. Ng3 Rd7 21. Bb2
Rdc7 22. Rd4 Nc6 23. Rd2 Ne5 24. Bb5 a6 25. Bf1 Nfd7 26. Ne2 Nc5 27. Nf4 Qd6
28. Rcd1 Re7 29. Nxd5 Bxd5 30. Rxd5 Qg6 31. Ba3 Ned3 32. Bxd3 1-0

[Event "Druga liga CS Istok 2016"]
[Site "Kragujevac"]
[Date "2016.10.07"]
[Round "7.6"]
[White "MARKOVIC, Marko"]
[Black "BURA, Goran"]
[Result "1/2-1/2"]
[WhiteElo "2226"]
[BlackElo "2214"]
[PlyCount "111"]
[EventDate "2016.08.26"]

1. e4 c5 2. Nf3 e6 3. g3 b6 4. Bg2 Bb7 5. d3 d6 6. O-O Nd7 7. c3 Ngf6 8. Nbd2
Qc7 9. Re1 Ne5 10. Qe2 Ba6 11. Nc4 Be7 12. Nfxe5 dxe5 13. f4 Bxc4 14. dxc4 h5
15. h3 Rd8 16. Rf1 Bd6 17. f5 Be7 18. fxe6 fxe6 19. Bg5 Ng8 20. Qf3 Nf6 21. h4
Rd6 22. Bh3 Qc6 23. Rae1 Kd8 24. Rd1 Kc7 25. b4 cxb4 26. cxb4 Rhd8 27. b5 Qc5+
28. Be3 Qb4 29. a3 Qa4 30. Rxd6 Rxd6 31. c5 Rd3 32. cxb6+ Kb7 33. Rc1 axb6 34.
Qe2 Qxa3 35. Qc2 Bc5 36. Bxc5 Rxg3+ 37. Bg2 Qxc5+ 38. Qxc5 bxc5 39. Rxc5 Ng4
40. Rc6 Rb3 41. Rxe6 Rxb5 42. Bf3 Nf6 43. Re7+ Kc6 44. Rxg7 Kd6 45. Rg5 Rb4 46.
Kg2 Ke6 47. Bxh5 Rxe4 48. Kg3 Rf4 49. Bg6 Nd5 50. Rg4 Kf6 51. Be4 Rxg4+ 52.
Kxg4 Ne3+ 53. Kf3 Nc4 54. Ke2 Nd6 55. Kf3 Kg7 56. Bd3 1/2-1/2

[Event "Druga liga CS Istok 2016"]
[Site "Kragujevac"]
[Date "2016.10.07"]
[Round "7.6"]
[White "MICKOVIC, Slavisa"]
[Black "RAICEVIC, Ivica"]
[Result "1/2-1/2"]
[WhiteElo "2150"]
[BlackElo "2187"]
[PlyCount "115"]
[EventDate "2016.08.26"]

1. d4 e6 2. Nf3 Nf6 3. Bf4 c5 4. c3 b6 5. e3 Be7 6. h3 O-O 7. Bd3 Ba6 8. Bxa6
Nxa6 9. Nbd2 cxd4 10. cxd4 b5 11. O-O Qb6 12. a3 Rfc8 13. Rc1 d6 14. e4 d5 15.
e5 Nd7 16. b4 Rxc1 17. Qxc1 Qb7 18. Nb3 Nb6 19. Nc5 Nxc5 20. bxc5 Nc4 21. Qc3
Qa6 22. Ra1 Rb8 23. Ne1 Qa4 24. Nd3 Bd8 25. Be3 Ba5 26. Nb4 Rc8 27. Qc2 Qxc2
28. Nxc2 Kf8 29. Rb1 Rb8 30. Kf1 Ke8 31. Ke2 Kd7 32. Rb3 Bd8 33. Bc1 f5 34. g4
fxg4 35. hxg4 h6 36. Rf3 Ke8 37. Nb4 a5 38. Nc6 Rb7 39. Nxd8 Kxd8 40. Kd1 Ke8
41. Kc2 Rf7 42. Rxf7 Kxf7 43. f4 g6 44. a4 b4 45. f5 gxf5 46. gxf5 exf5 47.
Bxh6 Ke6 48. c6 Ke7 49. Bg5+ Ke8 50. e6 Nb6 51. Kb3 Nc8 52. c7 f4 53. Bxf4 Ke7
54. Bg3 Kxe6 55. Be5 Kd7 56. Bg3 Ne7 57. Be5 Ng6 58. Bg3 1/2-1/2

[Event "Druga liga CS Istok 2016"]
[Site "Kragujevac"]
[Date "2016.10.07"]
[Round "7.6"]
[White "TERZIC, Goran"]
[Black "NJEGIC, Vladimir"]
[Result "1-0"]
[WhiteElo "2232"]
[BlackElo "2123"]
[PlyCount "75"]
[EventDate "2016.08.26"]

1. e4 d6 2. d4 Nf6 3. Nc3 Nbd7 4. Nf3 e5 5. Be2 Be7 6. O-O O-O 7. h3 c6 8. a4
exd4 9. Nxd4 Nc5 10. Bf3 a5 11. Bf4 Ne6 12. Be3 Nxd4 13. Qxd4 Be6 14. Rad1 Qc7
15. Rd2 Rfd8 16. Rfd1 Nd7 17. Be2 Ne5 18. Qb6 Qb8 19. Bf4 f6 20. b3 Rd7 21. Qe3
Qf8 22. Bg3 g5 23. f4 gxf4 24. Bxf4 Kh8 25. Bh5 d5 26. Qg3 Bc5+ 27. Kh1 Rg7 28.
Qh4 Be7 29. exd5 cxd5 30. Nxd5 Bxd5 31. Rxd5 Qg8 32. Qf2 Qe6 33. Bh6 Rgg8 34.
c4 b6 35. Bf4 Bc5 36. Qe2 Rg7 37. Rxe5 fxe5 38. Bxe5 1-0

[Event "Druga liga CS Istok 2016"]
[Site "Kragujevac"]
[Date "2016.10.07"]
[Round "7.6"]
[White "RADIVOJEVIC, Tomislav"]
[Black "KOSTIC, Tomislav   *"]
[Result "1/2-1/2"]
[WhiteElo "2171"]
[BlackElo "2043"]
[PlyCount "63"]
[EventDate "2016.08.26"]

1. d4 Nf6 2. Nf3 e6 3. c4 Bb4+ 4. Bd2 Qe7 5. Qc2 Nc6 6. a3 Bxd2+ 7. Nbxd2 a5 8.
g3 O-O 9. Bg2 d6 10. O-O e5 11. d5 Nb8 12. e4 a4 13. Ne1 Bd7 14. Nd3 Na6 15.
Rac1 b6 16. Rce1 Nc5 17. f4 Ng4 18. h3 Nh6 19. fxe5 Nxd3 20. Qxd3 Qxe5 21. Qc3
Qxc3 22. bxc3 f6 23. Rf2 Nf7 24. Bf1 Rfe8 25. Rfe2 Re7 26. Re3 Rae8 27. Kf2 Nd8
28. g4 Nb7 29. Bd3 Nc5 30. Bc2 h6 31. Nf3 Ra8 32. Nd4 1/2-1/2

[Event "Druga liga CS Istok 2016"]
[Site "Kragujevac"]
[Date "2016.10.07"]
[Round "7.6"]
[White "KOSTIC, Marko   **"]
[Black "ARSIC, Djordje  **"]
[Result "0-1"]
[WhiteElo "1987"]
[BlackElo "2206"]
[PlyCount "78"]
[EventDate "2016.08.26"]

1. d4 Nf6 2. Bf4 e6 3. e3 b6 4. Nf3 Bb7 5. Nbd2 Be7 6. h3 c5 7. c3 O-O 8. Bd3
d6 9. O-O Nc6 10. Qc2 Rc8 11. a4 cxd4 12. exd4 Nb4 13. Qb1 Nxd3 14. Qxd3 Qc7
15. Rfe1 Rfd8 16. Qb5 a6 17. Qe2 h6 18. c4 Bf8 19. Rec1 Qc6 20. b4 Ba8 21. Nb3
Qb7 22. Ne1 Re8 23. f3 e5 24. Bg3 exd4 25. Qd2 d5 26. c5 a5 27. cxb6 Qxb6 28.
b5 Bb4 29. Qxd4 Qxd4+ 30. Nxd4 Bc3 31. Rxc3 Rxc3 32. b6 Bc6 33. Nxc6 Rxc6 34.
Rb1 Nd7 35. b7 Nb8 36. Nd3 Rc3 37. Nf4 d4 38. Nd5 Rc2 39. Nb6 d3 0-1

[Event "Druga liga CS Istok 2016"]
[Site "Kragujevac"]
[Date "2016.10.07"]
[Round "7.6"]
[White "DJORDJEVIC, Danilo   **"]
[Black "DUBRAVCIC, Nikola   **"]
[Result "0-1"]
[WhiteElo "2139"]
[BlackElo "1823"]
[PlyCount "96"]
[EventDate "2016.08.26"]

1. e4 d6 2. d4 Nf6 3. Nc3 e5 4. Nf3 Nbd7 5. Bg5 Be7 6. Qd2 c6 7. h3 Qc7 8. Be2
O-O 9. a4 Re8 10. O-O Bf8 11. Rfe1 b6 12. Bc4 h6 13. Be3 Bb7 14. Nh4 exd4 15.
Bxd4 Ne5 16. Bf1 Rad8 17. f4 Ned7 18. Bd3 c5 19. Bxf6 Nxf6 20. b3 a6 21. Re2 d5
22. e5 d4 23. Ne4 Nd5 24. Nf5 Re6 25. Bc4 Rg6 26. Bd3 Qc6 27. Nh4 Re6 28. Nf3
Ne3 29. Rxe3 dxe3 30. Qxe3 b5 31. f5 Ree8 32. c4 Rxd3 33. Nf6+ gxf6 34. Qxd3
fxe5 35. Nh4 Be7 36. Qg3+ Kh7 37. f6 Bxf6 38. Rf1 Rg8 39. Qd3+ e4 40. Qd2 Bxh4
41. Rxf7+ Rg7 42. Rf8 Qg6 43. g4 Qg5 44. Qe2 e3 45. Re8 Bf2+ 46. Kf1 Qg6 47.
Rd8 Qe4 48. Qb2 Qg2+ 0-1